000
00339nam a2200157Ia 4500
001
19952
003
IN-NITTTR
005
20251114233229.0
008
251113s9999||||xx |||||||||||||| ||eng||
040
_b
eng
040
_c
IN-NITTTR
041
_a
eng
082
_a
370.11306 T226A
245
0
_a
Annual Report 1985-86 /
942
_2
ddc
_c
BK
999
_c
22586
_d
22586